[Event "MK Cafe Cup-B"]
[Site "Koszalin"]
[Date "1999.08.11"]
[Round "8"]
[White "Syrtlanov, Vil"]
[Black "Heberla, Bartlomiej"]
[Result "0-1"]
[WhiteElo "2397"]
[BlackElo "2223"]
[PlyCount "111"]
[EventDate "1999.08.03"]
[EventType "swiss"]
[EventRounds "10"]
[EventCountry "POL"]
[SourceTitle "EXT 2000"]
[Source "ChessBase"]
[SourceDate "1999.11.16"]
[SourceVersion "1"]
[SourceVersionDate "1999.11.16"]
[SourceQuality "1"]

1. e4 d5 2. exd5 Qxd5 3. Nc3 Qa5 4. d4 Nf6 5. Nf3 Nc6 6. Bb5 Ne4 7. 0-0 Nxc3 8. Bxc6+ bxc6 9. bxc3 Bg4 10. Qd3 Bf5 11. Qc4 Qb5 12. Qb3 Qxb3 13. cxb3 e6 14. Re1 Bd6 15. Ne5 c5 16. g4 Bg6 17. d5 Bxe5 18. Rxe5 0-0-0 19. Be3 Rxd5 20. Rxd5 exd5 21. Bxc5 h5 22. Bxa7 hxg4 23. Bd4 f6 24. a4 Kb7 25. a5 Ka6 26. b4 c6 27. Re1 Be4 28. Bc5 Re8 29. Bd6 Kb5 30. Re3 Ka6 31. Kf1 Re6 32. Bc7 Kb7 33. Bd8 Re8 34. Bb6 f5 35. Kg1 Ka6 36. Bd4 g6 37. Bf6 Re6 38. Bd4 Re7 39. Re1 Kb5 40. Be3 Ka6 41. Rd1 Bf3 42. Rc1 Kb5 43. h4 gxh3 44. Kh2 Bg2 45. c4+ dxc4 46. a6 c5 47. Bxc5 Re6 48. a7 g5 49. Rc3 Ra6 50. f3 Ra1 51. Rc1 Ra2 52. Rc3 f4 53. Rc1 Bxf3+ 54. Kxh3 Ra6 55. Bf8 Rxa7 56. Bh6 0-1

[Event "MK Cafe Cup-B"]
[Site "Koszalin"]
[Date "1999.08.10"]
[Round "7"]
[White "Tirard, Hugo"]
[Black "Syrtlanov, Vil"]
[Result "1-0"]
[WhiteElo "2331"]
[BlackElo "2397"]
[PlyCount "55"]
[EventDate "1999.08.03"]
[EventType "swiss"]
[EventRounds "10"]
[EventCountry "POL"]
[SourceTitle "EXT 2000"]
[Source "ChessBase"]
[SourceDate "1999.11.16"]
[SourceVersion "1"]
[SourceVersionDate "1999.11.16"]
[SourceQuality "1"]

1. e4 e6 2. d4 d5 3. Nc3 Bb4 4. e5 c5 5. a3 Ba5 6. b4 cxd4 7. Nb5 Bc7 8. f4 Ne7 9. Nf3 Bd7 10. Bb2 Nf5 11. Nxc7+ Qxc7 12. Bd3 Nc6 13. Bxf5 exf5 14. 0-0 Be6 15. Nxd4 Nxd4 16. Bxd4 h5 17. Rf3 Qd7 18. a4 Rc8 19. Bxa7 Qc7 20. Bc5 g5 21. fxg5 h4 22. Qe2 Bd7 23. g6 Qc6 24. e6 Bxe6 25. Rxf5 fxg6 26. Rf6 Kd7 27. Rf7+ Kd8 28. Qe5 1-0

[Event "MK Cafe Cup-A"]
[Site "Koszalin"]
[Date "1998.08.07"]
[Round "5"]
[White "Shetty, Rahul"]
[Black "Syrtlanov, Vil"]
[Result "0-1"]
[WhiteElo "2385"]
[BlackElo "2410"]
[PlyCount "104"]
[EventDate "1998.08.03"]
[EventType "swiss"]
[EventRounds "10"]
[EventCountry "POL"]
[SourceTitle "CBM 065 Extra"]
[Source "ChessBase"]
[SourceDate "1998.09.09"]
[SourceVersion "1"]
[SourceVersionDate "1998.09.09"]
[SourceQuality "1"]

1. e4 e6 2. d4 d5 3. Nc3 Bb4 4. e5 c5 5. a3 Ba5 6. b4 cxd4 7. Nb5 Bc7 8. f4 Ne7 9. Nf3 Bd7 10. Nbxd4 Nbc6 11. Bd3 a5 12. b5 Nxd4 13. Nxd4 a4 14. 0-0 Ba5 15. Be3 g6 16. Kh1 Rc8 17. Qf3 h5 18. Rfc1 Bc3 19. Rab1 Nf5 20. Nxf5 gxf5 21. Qf2 Qe7 22. Bd4 Qxa3 23. Bxc3 Qxc3 24. Qa7 h4 25. Rd1 h3 26. g3 Qc5 27. Qxc5 Rxc5 28. Rb4 Ke7 29. Rxa4 f6 30. exf6+ Kxf6 31. Ra7 Bxb5 32. Ra5 Bxd3 33. Rxc5 Be4+ 34. Kg1 Ra8 35. Kf2 Ra2 36. Rc7 b5 37. Rd2 b4 38. Ke3 Rb2 39. Rh7 Bxc2 40. Rxh3 Rb3+ 41. Kd4 Rc3 42. Rh6+ Ke7 43. Re2 Rc6 44. Ke5 b3 45. Rh7+ Kd8 46. Rb7 Kc8 47. Rb4 Rc4 48. Rb5 d4 49. Rd2 d3 50. Kxe6 Re4+ 51. Kxf5 Re3 52. Kg5 Re7 0-1

[Event "MK Cafe Cup-A"]
[Site "Koszalin"]
[Date "1998.08.05"]
[Round "3"]
[White "Forintos, Gyozo Victor"]
[Black "Syrtlanov, Vil"]
[Result "0-1"]
[WhiteElo "2370"]
[BlackElo "2410"]
[PlyCount "88"]
[EventDate "1998.08.03"]
[EventType "swiss"]
[EventRounds "10"]
[EventCountry "POL"]
[SourceTitle "CBM 065 Extra"]
[Source "ChessBase"]
[SourceDate "1998.09.09"]
[SourceVersion "1"]
[SourceVersionDate "1998.09.09"]
[SourceQuality "1"]

1. d4 Nf6 2. c4 g6 3. Nc3 Bg7 4. e4 d6 5. Be2 0-0 6. Bg5 c6 7. h3 e5 8. d5 h6 9. Be3 cxd5 10. cxd5 Nbd7 11. Nf3 a6 12. Qc1 Nc5 13. Nd2 Bd7 14. b4 Na4 15. Nxa4 Bxa4 16. Qa3 Bb5 17. Bxb5 axb5 18. Qd3 Qd7 19. g4 Ne8 20. Rg1 Kh7 21. Nb1 f5 22. Nc3 Ra3 23. Qxb5 Qc8 24. Nd1 f4 25. Bc1 Rxh3 26. Bb2 Qc2 27. Qe2 Qxe2+ 28. Kxe2 f3+ 29. Kd3 Nf6 30. a4 Rh4 31. a5 Rxg4 32. Rxg4 Nxg4 33. b5 h5 34. Ba3 Rd8 35. b6 h4 36. Kc4 h3 37. Ne3 Nxe3+ 38. fxe3 g5 39. Bb4 f2 40. Kd3 Rf8 41. Ke2 h2 42. Rf1 g4 43. Bxd6 g3 44. Bxf8 g2 0-1

[Event "MK Cafe Cup-A"]
[Site "Koszalin"]
[Date "1998.08.03"]
[Round "1"]
[White "Syrtlanov, Vil"]
[Black "Kempinski, Robert"]
[Result "0-1"]
[WhiteElo "2410"]
[BlackElo "2545"]
[PlyCount "64"]
[EventDate "1998.08.03"]
[EventType "swiss"]
[EventRounds "10"]
[EventCountry "POL"]
[SourceTitle "CBM 065 Extra"]
[Source "ChessBase"]
[SourceDate "1998.09.09"]
[SourceVersion "1"]
[SourceVersionDate "1998.09.09"]
[SourceQuality "1"]

1. e4 c5 2. c3 d6 3. d4 Nf6 4. Bd3 cxd4 5. cxd4 g6 6. Nf3 Bg7 7. 0-0 0-0 8. Nc3 Nc6 9. h3 e5 10. dxe5 dxe5 11. Bc4 Be6 12. Bxe6 fxe6 13. Be3 Qe7 14. Qb3 Nh5 15. Qc4 Rxf3 16. gxf3 Rf8 17. Ne2 Rxf3 18. Kg2 Rf7 19. Rad1 Nf4+ 20. Kh2 h5 21. Rg1 Kh7 22. Rg3 g5 23. f3 Bf6 24. Rdg1 Rg7 25. a3 Qd6 26. Qc2 Kh8 27. Bc5 Qb8 28. Qd2 Qc7 29. Rd1 Rg8 30. Nxf4 exf4 31. Rg2 Ne5 32. Qd6 Qc8 0-1

[Event "MK Cafe Cup-A"]
[Site "Koszalin"]
[Date "1997.08.10"]
[Round "9"]
[White "Syrtlanov, Vil"]
[Black "Aghamaliyev, Cemil"]
[Result "0-1"]
[WhiteElo "2375"]
[BlackElo "2480"]
[PlyCount "114"]
[EventDate "1997.08.03"]
[EventType "swiss"]
[EventRounds "10"]
[EventCountry "POL"]
[SourceTitle "CBM 059 Extra"]
[Source "ChessBase"]
[SourceDate "1997.09.26"]
[SourceVersion "1"]
[SourceVersionDate "1997.09.26"]
[SourceQuality "1"]

1. e4 c5 2. c3 Nf6 3. e5 Nd5 4. d4 cxd4 5. Nf3 Nc6 6. Bc4 Nb6 7. Bb3 d5 8. exd6 Qxd6 9. 0-0 Be6 10. Bxe6 Qxe6 11. Nxd4 Nxd4 12. Qxd4 Rd8 13. Qb4 g6 14. Na3 a6 15. Be3 Nd5 16. Qxb7 Nxe3 17. fxe3 Bh6 18. Qb3 Qxe3+ 19. Kh1 0-0 20. Rae1 Qg5 21. Nc4 e6 22. Qb7 Qb5 23. Qe4 Bg7 24. Qe2 a5 25. Ne3 Qb7 26. Rd1 a4 27. a3 h5 28. Kg1 Qc6 29. Qf3 Qb6 30. Rxd8 Qxd8 31. Rd1 Qb6 32. Qf2 Qb5 33. Rd2 Bh6 34. Qe2 Rb8 35. Kf2 Qe5 36. g3 Qe4 37. h4 Qh1 38. Rd1 Qc6 39. Nc4 Bf8 40. Ke1 Rb5 41. Rd4 Qh1+ 42. Qf1 Qh2 43. Rd3 Rd5 44. Nd2 Bd6 45. Ne4 Re5 46. Rxd6 Rxe4+ 47. Kd1 Qxg3 48. Rd2 Qxh4 49. Qb5 Re1+ 50. Kc2 Qe4+ 51. Qd3 Qh1 52. Qd8+ Kh7 53. Qf8 Qe4+ 54. Rd3 Re2+ 55. Kc1 Qf4+ 56. Kb1 Re1+ 57. Ka2 Qc4+ 0-1

[Event "MK Cafe Cup-A"]
[Site "Koszalin"]
[Date "1997.08.09"]
[Round "8"]
[White "Urban, Klaudiusz"]
[Black "Syrtlanov, Vil"]
[Result "1/2-1/2"]
[WhiteElo "2490"]
[BlackElo "2375"]
[PlyCount "127"]
[EventDate "1997.08.03"]
[EventType "swiss"]
[EventRounds "10"]
[EventCountry "POL"]
[SourceTitle "CBM 059 Extra"]
[Source "ChessBase"]
[SourceDate "1997.09.26"]
[SourceVersion "1"]
[SourceVersionDate "1997.09.26"]
[SourceQuality "1"]

1. d4 Nf6 2. c4 g6 3. Nc3 Bg7 4. e4 d6 5. f3 0-0 6. Bg5 Nc6 7. Nge2 a6 8. Qd2 Rb8 9. Rc1 Bd7 10. b3 b5 11. d5 Na5 12. Ng3 bxc4 13. bxc4 Rb4 14. Nd1 c5 15. Bd3 Qb6 16. 0-0 Re8 17. Kh1 Ba4 18. Qe2 e6 19. Bd2 exd5 20. Bxb4 cxb4 21. Ne3 h5 22. cxd5 h4 23. Ngf5 gxf5 24. Nxf5 Bd7 25. Nxg7 Kxg7 26. Qd2 Re5 27. Rb1 b3 28. axb3 Qd4 29. Rfd1 Nh5 30. Bxa6 Qb6 31. Bc4 Qd8 32. Bd3 Nb7 33. f4 Re8 34. Qf2 Nc5 35. Qd4+ Qf6 36. Qxf6+ Kxf6 37. e5+ dxe5 38. fxe5+ Rxe5 39. Bc4 Ne4 40. Rb2 Nd6 41. Be2 Nf4 42. Bf3 Bb5 43. Rbb1 Nd3 44. Kg1 Re3 45. Bg4 Kg5 46. Bf3 h3 47. Rd2 f5 48. Re2 f4 49. Rxe3 fxe3 50. Be2 hxg2 51. Bxd3 Bxd3 52. Re1 Kf4 53. Kxg2 e2 54. h4 Ke3 55. Kg3 Kd2 56. Rxe2+ Kxe2 57. Kf4 Nf7 58. b4 Kd2 59. b5 Bxb5 60. Kf5 Bc4 61. Ke6 Nh6 62. h5 Ke3 63. Kf6 Bxd5 64. Kg6 1/2-1/2

[Event "MK Cafe Cup-A"]
[Site "Koszalin"]
[Date "1997.08.05"]
[Round "4"]
[White "Syrtlanov, Vil"]
[Black "McNab, Colin Anderson"]
[Result "0-1"]
[WhiteElo "2375"]
[BlackElo "2490"]
[PlyCount "104"]
[EventDate "1997.08.03"]
[EventType "swiss"]
[EventRounds "10"]
[EventCountry "POL"]
[SourceTitle "CBM 059 Extra"]
[Source "ChessBase"]
[SourceDate "1997.09.26"]
[SourceVersion "1"]
[SourceVersionDate "1997.09.26"]
[SourceQuality "1"]

1. e4 g6 2. d4 d6 3. Nc3 c6 4. Nf3 Bg7 5. Be2 Nd7 6. 0-0 Qc7 7. Bf4 e5 8. dxe5 dxe5 9. Bg5 Ngf6 10. Qc1 0-0 11. Bh6 Nc5 12. Bxg7 Kxg7 13. Qe3 b6 14. Nd2 Ne6 15. Ncb1 Nf4 16. Rd1 Rd8 17. Na3 Nxe2+ 18. Qxe2 Bg4 19. f3 Be6 20. Nac4 Rd7 21. a4 Rad8 22. Ne3 Qd6 23. Ndf1 Qc5 24. Rxd7 Rxd7 25. Qf2 a5 26. g4 h5 27. g5 Ne8 28. Kg2 Nc7 29. Ra3 Qb4 30. c3 Qe7 31. f4 Bg4 32. h3 Ne6 33. fxe5 Bxh3+ 34. Kxh3 Nxg5+ 35. Kh2 Qxe5+ 36. Qg3 Qxg3+ 37. Kxg3 Nxe4+ 38. Kf4 Nc5 39. Nc4 Kf6 40. Ke3 Re7+ 41. Kf3 g5 42. Nfd2 g4+ 43. Kf2 h4 44. Nf1 Kg5 45. b4 Nd3+ 46. Kg1 Re2 47. bxa5 bxa5 48. Nce3 f5 49. Rb3 f4 50. Nd1 g3 51. Rb8 Kg4 52. Rg8+ Kh3 0-1

[Event "Ceske Budejovice op"]
[Site "Ceske Budejovice"]
[Date "1993.??.??"]
[Round "4"]
[White "Syrtlanov, Vil"]
[Black "Supatashvili, Khvicha"]
[Result "1/2-1/2"]
[WhiteElo "2105"]
[BlackElo "2440"]
[PlyCount "50"]
[EventDate "1993.??.??"]
[EventType "swiss"]
[EventRounds "9"]
[EventCountry "CZE"]
[SourceTitle "EXT 1997"]
[Source "ChessBase"]
[SourceDate "1996.11.15"]
[SourceVersion "1"]
[SourceVersionDate "1996.11.15"]
[SourceQuality "1"]

1. e4 e6 2. d4 d5 3. Nc3 Nf6 4. Bg5 Be7 5. exd5 exd5 6. Bd3 Nbd7 7. Nf3 Nf8 8. Ne5 Ne6 9. Be3 0-0 10. Ne2 Bd6 11. Ng3 c5 12. c3 cxd4 13. cxd4 Qa5+ 14. Bd2 Bb4 15. Ne2 Ne4 16. Bxe4 dxe4 17. a3 Bxd2+ 18. Qxd2 Qd5 19. Rd1 Rd8 20. Qb4 f6 21. Ng4 Bd7 22. Ne3 Qb5 23. Nc3 Qxb4 24. axb4 Nf4 25. 0-0 Nd3 1/2-1/2